| 000 | 00517cam a2200193ua 4500 | ||
|---|---|---|---|
| 020 |
_a0-534-38742-x _c$7.50 |
||
| 041 |
_aeng _h |
||
| 082 |
_a624.15136 _bDAS/PR |
||
| 100 | _aDas, Braja M . | ||
| 245 |
_aPrinciples of geotechnical engineering / _cBraja M Das. _hTextual Documents |
||
| 250 |
_a / _b. |
||
| 260 |
_aAustralia : _bBill Stenquist , _c2002. |
||
| 300 | _a589 ; . | ||
| 365 | _a$7.50 | ||
| 504 | _a | ||
| 650 | _aSoil mechanics, Engineering geology | ||
| 942 | _cBK | ||
| 999 |
_c12903 _d12903 |
||